Vplyv mikroštruktúry na mechanické vlastnosti niklovej monokryštalickej superzliatiny CMSX-4 = Microstructural influence on mechanical propertief of monocrystalline nickel based superalloy CMSX-4 : Diplomová práca
Saved in:
| Main Author: | |
|---|---|
| Other Authors: | |
| Format: | Manuscript Book |
| Language: | Slovak |
| Published: |
Trnava :
STU v Bratislave MtF KMI,
2007
|
| Subjects: | |
| Tags: |
No Tags, Be the first to tag this record!
|
MARC
| LEADER | 00000ntm a22000003a 4500 | ||
|---|---|---|---|
| 001 | stu143819 | ||
| 005 | 20150617225950.6 | ||
| 008 | 070803s2007----xo------------------slo-d | ||
| 040 | |a STU |b slo | ||
| 041 | 0 | |a slo | |
| 044 | |a xo | ||
| 100 | 1 | |a Oslanec, Peter, |d 1981- |4 aut |u M130 |U MTF Materiálovotechnologická fakulta |T MTF Katedra materiálového inžinierstva |X 28497 |U M130 |Y 481 |7 A000028497 | |
| 245 | 1 | |a Vplyv mikroštruktúry na mechanické vlastnosti niklovej monokryštalickej superzliatiny CMSX-4 = Microstructural influence on mechanical propertief of monocrystalline nickel based superalloy CMSX-4 : |b Diplomová práca | |
| 260 | |a Trnava : |b STU v Bratislave MtF KMI, |c 2007 | ||
| 300 | |a 70 s |c 1 CD-ROM | ||
| 500 | |a Program: technické materiály | ||
| 650 | 7 | |a monokryštalické zliatiny |2 stusub | |
| 650 | 7 | |a mechanické vlastnosti |2 stusub | |
| 650 | 7 | |a mikroštruktúry |2 stusub | |
| 700 | 1 | |a Lapin, Juraj |4 xxx | |
| 996 | |b 284M076804 |c M*DP-6693 |l MMSKP |s P |a 0 |w stu143819_0001 | ||